Mecánica para Ingeniería : Estática
| Main Author: | |
|---|---|
| Format: | Section = Libro |
| Language: | Undetermined Spanish |
| Published: |
México
Addison/Wesley
2000
|
| Subjects: |
| LEADER | 00592nam a2200217Ia 4500 | ||
|---|---|---|---|
| 008 | 240829s9999 xx 000 0 und d | ||
| 020 | |a 968-444-398-6 | ||
| 040 | |a BIBLIOTECA-RUPAP 620.103 B411e | ||
| 041 | |a spa | ||
| 082 | |a 620.103 B411e | ||
| 100 | 1 | |a Bedford, Anthony | |
| 245 | 1 | 0 | |a Mecánica para Ingeniería : Estática |
| 260 | |a México |b Addison/Wesley |c 2000 | ||
| 300 | |a 806 p. :il. | ||
| 650 | 7 | |a ESTATICA | |
| 650 | 7 | |b MECANICA APLICADA | |
| 650 | 7 | |c EQUILIBRIO | |
| 650 | 7 | |d INERCIA. I. Fowler, Wallace, coaut. II. Tít. | |
| 942 | |c BK |2 ddc | ||
| 991 | |a TEXTO | ||
| 999 | |c 7884 | ||